[Event "IECG CP.1999.P.00075"]
[Site "IECG email"]
[Date "1999.10.01"]
[Round "?"]
[White "Flaks, Julian"]
[Black "Lopez Ortega Magallanes, Pablo Antonio"]
[Result "0-1"]
[WhiteElo "800"]
[BlackElo "1744"]
[PlyCount "26"]
[EventDate "1999.10.01"]
[EventType "tourn (corr)"]
[EventRounds "6"]
[EventCountry "NED"]
[SourceTitle "Corr 2008"]
[Source "ChessBase"]
[SourceDate "2008.06.24"]
[SourceVersion "1"]
[SourceVersionDate "2008.06.24"]
[SourceQuality "1"]

1. e4 e5 2. Nf3 Nc6 3. d4 exd4 4. Nxd4 Nf6 5. Nc3 Bb4 6. Nxc6 bxc6 7. Bg5 Qe7 8. Bxf6 Qxe4+ 9. Qe2 Qxe2+ 10. Bxe2 gxf6 11. 0-0 Rb8 12. Ne4 Be7 13. b3 d5 0-1

[Event "IECG CP.1999.P.00075"]
[Site "IECG email"]
[Date "1999.10.01"]
[Round "?"]
[White "Rensen, Martin"]
[Black "Flaks, Julian"]
[Result "1-0"]
[WhiteElo "2173"]
[BlackElo "800"]
[PlyCount "40"]
[EventDate "1999.10.01"]
[EventType "tourn (corr)"]
[EventRounds "6"]
[EventCountry "NED"]
[SourceTitle "Corr 2008"]
[Source "ChessBase"]
[SourceDate "2008.06.24"]
[SourceVersion "1"]
[SourceVersionDate "2008.06.24"]
[SourceQuality "1"]

1. Nf3 d5 2. d4 f5 3. g3 e6 4. Bg2 b5 5. Qd3 c6 6. 0-0 Nd7 7. Bf4 Ngf6 8. a4 Ba6 9. Nc3 Qa5 10. axb5 Bxb5 11. Rxa5 Bxd3 12. exd3 Bb4 13. Ra6 Nb6 14. Ng5 Kd7 15. Rfa1 Nc8 16. Nf7 Rg8 17. Ne5+ Ke8 18. Rxc6 Bd6 19. Raa6 g5 20. Rxd6 Nxd6 1-0